| 000 | 01137cam a22003377a 4500 | ||
|---|---|---|---|
| 003 | CHAP | ||
| 005 | 20220329133736.0 | ||
| 008 | 971013s1944 r 00010 d | ||
| 010 | _a10210 | ||
| 011 | _a11182 | ||
| 035 | _a10420 | ||
| 040 | _cCHAP | ||
| 090 | _aTesis | ||
| 100 | 0 | 0 |
_aCaballero Olguín, Manuel. _916569 |
| 245 | 0 | _aProyecto de reforestación en las lomas de los Remedios, San Bartolo Naucalpan, Méx. | |
| 260 |
_aChapingo, Méx., : _bEl autor, _c1944 |
||
| 300 |
_a68 h. _b: ilus |
||
| 502 | _aTesis (Ing. Agrónomo. Esp. en Bosques) ENA. Departamento de Bosques | ||
| 590 |
_aALEPH _b10 _c20130110 _lUCH01 _h1227 |
||
| 590 |
_aBATCH-UPD _b10 _c20130110 _lUCH01 _h0305 |
||
| 590 |
_aBATCH-UPD _b10 _c20130110 _lUCH01 _h2324 |
||
| 590 |
_aBATCH-UPD _b10 _c20130409 _lUCH01 _h2337 |
||
| 590 |
_aBATCH-UPD _b10 _c20130410 _lUCH01 _h1614 |
||
| 590 |
_aBATCH-UPD _b10 _c20130914 _lUCH01 _h1957 |
||
| 590 |
_aCONVERSION _b10 _c20130109 _lUCH01 _h1307 |
||
| 650 | 1 | 4 |
_aReforestación _xMéxico. _995498 |
| 901 | _aBK | ||
| 942 | _cFOLL | ||
| 949 |
_bBC _cTES _d-21985 _eTS1 _i10420 _si |
||
| 949 |
_bBC _cTES _d-21986 _eTS2 _fc.2 _i10420 _si |
||
| 999 |
_c10210 _d10210 |
||